Влияние концентрации катализатора Граббса II на физико-механические свойства полидициклопентадиена; Химия и химическая технология в XXI веке

Detalles Bibliográficos
Parent link:Химия и химическая технология в XXI веке.— 2018.— [С. 545-546]
Autor principal: Та Куанг Кыонг
Autor Corporativo: Национальный исследовательский Томский политехнический университет Инженерная школа природных ресурсов Отделение химической инженерии
Otros Autores: Бондалетов В. Г. Владимир Григорьевич (научный руководитель)
Sumario:Заглавие с экрана
Lenguaje:ruso
Publicado: 2018
Colección:Химическая технология полимерных материалов
Materias:
Acceso en línea:http://earchive.tpu.ru/handle/11683/49975
Formato: Electrónico Capítulo de libro
KOHA link:https://koha.lib.tpu.ru/cgi-bin/koha/opac-detail.pl?biblionumber=627110

MARC

LEADER 00000naa2a2200000 4500
001 627110
005 20231101133438.0
035 |a (RuTPU)RU\TPU\conf\26809 
035 |a RU\TPU\conf\26800 
090 |a 627110 
100 |a 20180815d2018 k y0rusy50 ca 
101 0 |a rus 
102 |a RU 
105 |a y z 101zy 
135 |a drgn ---uucaa 
181 0 |a i  
182 0 |a b 
200 1 |a Влияние концентрации катализатора Граббса II на физико-механические свойства полидициклопентадиена  |f Та Куанг Кыонг  |g науч. рук. В. Г. Бондалетов 
203 |a Текст  |c электронный 
225 1 |a Химическая технология полимерных материалов 
230 |a 1 компьютерный файл (pdf; 747 Kb) 
300 |a Заглавие с экрана 
320 |a [Библиогр.: с. 546 (2 назв.)] 
463 0 |0 (RuTPU)RU\TPU\conf\26227  |t Химия и химическая технология в XXI веке  |o материалы XIX Международной научно-практической конференции студентов и молодых ученых имени профессора Л. П. Кулёва, 21-24 мая 2018 г., г. Томск  |f Национальный исследовательский Томский политехнический университет  |v [С. 545-546]  |d 2018 
610 1 |a электронный ресурс 
610 1 |a труды учёных ТПУ 
610 1 |a концентрация 
610 1 |a катализаторы 
610 1 |a физико-механические свойства 
610 1 |a полимеризация 
700 0 |a Та Куанг Кыонг 
702 1 |a Бондалетов  |b В. Г.  |c химик-технолог  |c профессор Томского политехнического университета, доктор технических наук  |f 1957-  |g Владимир Григорьевич  |2 stltpush  |4 727 
712 0 2 |a Национальный исследовательский Томский политехнический университет  |b Инженерная школа природных ресурсов  |b Отделение химической инженерии  |h 8085  |2 stltpush  |3 (RuTPU)RU\TPU\col\23513 
801 2 |a RU  |b 63413507  |c 20180821  |g RCR 
856 4 |u http://earchive.tpu.ru/handle/11683/49975 
942 |c BK